=LDR 00000nam 2200000 4500 =001 INLIS000000000027839 =005 20130612130202 =008 ***********************************ind** =035 ##$$a0010-061300000027839 =041 ##$$a ind =082 ##$$a 786.2 =090 ##$$a 786.2, HEN p =100 ##$$a Hendro S.D =245 ##$$a Panduan praktis improvisasi piano rock =260 ##$$a 2005 $b Jakarta =300 ##$$a iv, 143 hlm., ilus., 28 cm =650 ##$$a Piano (Musik) =700 ##$$a Santoso, Dwi A =850 ##$$a NBPNMAT =990 ##$$a 0001/BPAP-NTB/20142014 =990 ##$$a 0001/BPAP-NTB/20142014